| 000 | 00788nam a22002297a 4500 | ||
|---|---|---|---|
| 005 | 20250214145339.0 | ||
| 008 | 250214b ||||| |||| 00| 0 eng d | ||
| 020 | _a9780367659776 | ||
| 020 | _a9780415787024 | ||
| 040 |
_aCO-BoUCM _cDavid Moreno _dDavid Avila (modificó) |
||
| 041 | _aspa | ||
| 100 | 1 |
_aTorre, Carlos de la _q(Carlos de la Torre Espinosa) _9184463 |
|
| 245 | 1 | 0 |
_aGlobal populisms _cCarlos de la Torre |
| 250 | _a1a. Ed | ||
| 260 |
_aLondon ; New York _bRoutledge _c2022 |
||
| 300 |
_avii, 208 Paginas _bilustraciones a color |
||
| 504 | _aIncluye referencias bibliográficas e índices | ||
| 650 | 1 | 4 |
_aPopulismo _922091 |
| 650 | 1 | 4 |
_aCiencia Politica _9340 |
| 942 |
_2DEWEY _a6 _cLIBRO _e1 _h320.5662 _mT689r _n0 |
||
| 999 |
_c325193 _d325193 |
||